| 000 | 00888caa a22002417a 4500 | ||
|---|---|---|---|
| 999 |
_c408682 _d408682 |
||
| 001 | 135335 | ||
| 003 | UA-OsUOA | ||
| 005 | 20200213092800.0 | ||
| 007 | ta | ||
| 008 | 20190118b un ||||| |||| 00| 0 ukr d | ||
| 040 |
_aUA-OsUOA _bukr _cUA-OsUOA _dUA-OsUOA |
||
| 041 | _aukr | ||
| 080 | _a908 | ||
| 090 |
_a908 _bЗ-13 |
||
| 100 | _aЗавадська О. | ||
| 245 |
_aІсторія Братства ім. кн. Острозьких у розвідках дослідників _cО. Завадська |
||
| 300 | _aС. 21–26 | ||
| 650 | 7 |
_a908 Краєзнавство _2UDC |
|
| 773 | 0 |
_0309668 _9309379 _dОстрог НаУ"ОА" 2003 _o77072 _tЗаписки наукового товариства ім. О.Оглоблина _w(UA-OsUOA) 23421 _z996-7631-67-2 |
|
| 942 |
_cBKA _2udc |
||
| 955 | _a1 | ||